=LDR 00000nam 2200000 4500 =001 INLIS000000000026094 =005 20130612124545 =008 ***********************************ind** =035 ##$$0010-061300000026094 =041 ##$$a ind =082 ##$$a 639.375 2 =090 ##$$a 639.375 2, BUD m =100 ##$$a Budhiman, Agus a =245 ##$$a Maskoki, Agus A. Budhiman, Pinus Lingga =260 ##$$a 1990 $b Jakarta =300 ##$$a ix, 142 hlm., ilus, 16 cm =650 ##$$a Maskoki (ikan) =700 ##$$a Lingga, Pinus =850 ##$$a NBPNMAT